000 00289nam a2200109 4500
999 _c9940
_d9940
008 180723b ||||| |||| 00| 0 eng d
245 _aCompostela Valley tourism growing.
260 _aDavao City
_bSun Star Davao
_cc2016
300 _apage 10.
650 0 _929349
_aTourism.
942 _2ddc
_cPER